[Event "NOR-ch Elite 2017"]
[Site "Stavanger"]
[Date "2017.06.30"]
[Round "1"]
[White "Haug, Johannes"]
[Black "Lie, Kjetil A"]
[Result "1-0"]
[WhiteElo "2335"]
[BlackElo "2539"]
[Annotator "TA"]
[PlyCount "80"]
[EventDate "2017.??.??"]
[EventType "swiss"]
[EventCountry "NOR"]
[SourceTitle "playchess.com"]
[Source "ChessBase"]
[SourceQuality "1"]

{[%evp 17,80,0,45,0,45,4,44,28,385,377,366,383,382,388,377,285,285,281,273,274,272,274,338,342,368,289,474,476,450,441,436,437,428,416,414,391,441,438,424,410,430,419,411,372,556,452,522,492,556,566,541,547,535,479,922,787,1073,626,1652,688,842,640,614,574,600]} 1. d4 d5 2. c4 dxc4 3. e3 e5 4. Bxc4 Nc6 5. Nf3 {[%cal Bg1f3,Bf3d2,Bd2e4,Be4g3][%mdl 32]} (5. Qb3 Qd7 6. dxe5 Nxe5 7. Be2 Qe6 8. Qxe6+ Bxe6 9. Nf3 Nxf3+ 10. Bxf3 O-O-O 11. Nc3 Nf6 12. Bd2 {½-½ (58) Wojtaszek,R (2727)-Ponomariov,R (2712) Huaian 2016}) 5... e4 6. Nfd2 {D20: Queen's Gambit Accepted: 3 e3 and 3 e4} Qg5 7. Nxe4 Qxg2 8. Ng3 Nf6 9. Nc3 Bb4 {[#] LiveBook: 5 Games. White must now prevent ...Ne4.} 10. Bd2 $146 {Hoping for Bf1.} ({Predecessor:} 10. Bf1 Qd5 11. Bd2 Qd8 12. Bg2 {0-1 (75) Turova,I (2419)-Alekseenko,K (2552) Hamina 2016}) 10... Bxc3 11. Bxc3 {And now f3 would win.} Ne4 {[%csl Ge4][%cal Rg2f2]} 12. Rf1 Ng5 $2 {[%mdl 8192]} (12... Nxc3 $11 13. bxc3 O-O) 13. Qh5 $18 h6 {next ...g6 is good for Black.} 14. f4 Be6 15. Bxe6 Nxe6 16. d5 Nb4 17. Bxb4 Qxb2 18. Qe5 ({Don't play} 18. dxe6 $6 Qxa1+ 19. Kf2 Qxa2+ 20. Ne2 Qxe6 $18) 18... Qxb4+ 19. Kf2 O-O-O 20. dxe6 Rhe8 21. Rac1 {[%csl Gc1][%cal Re5c7] [#]} c6 $2 (21... Qb6 22. e7 Rd2+ 23. Kg1 Rd7) 22. Rcd1 Rd2+ 23. Kg1 Rxe6 24. Qxg7 Rxe3 {...Qc5! is the strong threat.} 25. Rxd2 Qxd2 26. Qf8+ Kd7 27. Qxf7+ Re7 28. Qf5+ Kc7 29. Rf2 Qd4 30. Kg2 Qc4 (30... b6 $142 31. Qh5 Qf6) 31. Rc2 {White is clearly winning.} Qg8 32. Rd2 b6 33. Qd3 {Threatens to win with Qd6+.} Kb7 34. Qf3 Rf7 35. Re2 Rf6 (35... h5 $142 36. h4 Qg4 37. Qxg4 hxg4) 36. f5 a5 37. Qe4 {aiming for Qe7+.} Ka6 38. Rd2 (38. Qd3+ $142 b5 39. Qd7) 38... h5 39. h4 Qf8 40. Re2 b5 {Precision: White = 65%, Black = 27%.} 1-0

[Event "NOR-ch Elite 2017"]
[Site "Stavanger"]
[Date "2017.06.30"]
[Round "1"]
[White "Moen, Andreas"]
[Black "Lie, Espen"]
[Result "1/2-1/2"]
[WhiteElo "2330"]
[BlackElo "2462"]
[Annotator "TA"]
[PlyCount "63"]
[EventDate "2017.??.??"]
[EventType "swiss"]
[EventCountry "NOR"]
[SourceTitle "playchess.com"]
[Source "ChessBase"]
[SourceQuality "1"]

{[%evp 12,63,51,60,56,47,65,8,25,-10,-10,-15,-10,-10,-16,-11,-16,-8,-17,-16,-17,-32,-14,-42,-48,-122,-27,-22,-1,-1,-10,-50,-50,-50,-50,-45,-15,-17,-18,-25,-8,-25,0,-10,0,0,0,0,0,0,0,0,0,0]} 1. e4 Nf6 2. e5 Nd5 3. d4 d6 4. c4 Nb6 5. f4 g6 6. Nc3 Bg7 7. Be3 Be6 {B03: Alekhine's Defence: Four Pawns Attack} 8. b3 O-O 9. Nf3 (9. Qd2 $14) 9... c5 $11 10. dxc5 (10. d5 {seems wilder.} Bg4 11. Qd2 Bxf3 12. gxf3 N8d7 13. Rg1) 10... N6d7 $1 {[%cal Rd6e5]} 11. cxd6 exd6 12. Qxd6 Nxe5 $1 13. Qxd8 Nxf3+ 14. gxf3 Rxd8 15. Rc1 Nc6 $146 16. Be2 Nd4 17. Nb5 Nf5 18. Bxa7 {[#]} (18. Bf2 $15) 18... Rxa7 ({Black should try} 18... Bf6 $1 $17 {Strongly threatening ...Rxa7!} 19. Rd1 Rxd1+ 20. Bxd1 Bd7) 19. Nxa7 Ra8 20. Nb5 {Black must now prevent Rc2.} Rxa2 21. Kf2 Bf6 {...Bh4+ is the strong threat.} 22. Rhe1 Bh4+ 23. Kg1 Bxe1 24. Rxe1 Rb2 25. Bd1 Rd2 26. Nc3 Rd3 27. Ne4 {The position is equal.} Nd4 (27... b6 {is more complex.} 28. Bc2 Rxf3 29. Ng5 Rc3 30. Bxf5 Bxf5 31. Re8+ Kg7) 28. Nc5 Nxf3+ 29. Bxf3 Rxf3 30. Nxe6 fxe6 31. Rxe6 {With the idea Rb6.} Rxb3 32. Re7 {Precision: White = 54%, Black = 54%.} 1/2-1/2

[Event "NOR-ch Elite 2017"]
[Site "Stavanger"]
[Date "2017.06.30"]
[Round "1"]
[White "Tryggestad, Andreas Garberg"]
[Black "Hauge, Lars Oskar"]
[Result "0-1"]
[WhiteElo "2314"]
[BlackElo "2448"]
[Annotator "TA"]
[PlyCount "146"]
[EventDate "2017.??.??"]
[EventType "swiss"]
[EventCountry "NOR"]
[SourceTitle "playchess.com"]
[Source "ChessBase"]
[SourceQuality "1"]

{[%evp 26,146,36,0,0,-4,1,-6,0,-11,7,0,0,0,32,0,0,-19,-17,0,0,0,0,0,73,85,75,36,51,-27,-25,-20,-12,-45,-37,-37,-37,-54,-42,-108,-87,-100,-95,-79,0,-14,-10,-10,0,-53,-10,-10,-11,-12,-2,-341,-344,-342,-346,-347,-321,-364,-343,-317,-222,-218,-207,-203,-204,-215,-139,-141,-139,-154,-152,-145,-145,-145,-120,-120,-117,-133,-133,-134,-127,-184,-118,-268,-119,-125,-78,-260,-260,-233,-248,-395,-225,-284,-282,-393,-347,-337,-275,-402,-395,-319,-133,-331,-275,-543,-470,-455,-447,-437,-387,-876,-797,-1154,-1152,-1026,-960,-610,-655]} 1. d4 Nf6 2. c4 e6 3. Nf3 d5 4. Nc3 dxc4 5. e3 a6 6. a4 c5 7. Bxc4 Nc6 8. O-O cxd4 9. exd4 Bb4 10. Bg5 O-O 11. Qd3 Be7 12. Rfd1 Bd7 13. Qe2 Nb4 14. Ne5 {LiveBook: 66 Games} Be8 {D27: Queen's Gambit Accepted: Classical main line: 7 e4!? and 7 a4} (14... h6 15. Bh4 Rc8 16. Bb3 Be8 17. Bxf6 Bxf6 18. d5 exd5 19. Nxd5 Nxd5 20. Rxd5 Qb6 21. Qf3 Bc6 22. Nxc6 Rxc6 {1-0 (46) Finegold,B (2481)-Lesiege,A (2525) chess.com INT 2017}) 15. Rac1 Nfd5 16. Bxe7 Nxe7 {The position is equal.} 17. Qf3 Qb6 $146 (17... Bc6 $5 18. Nxc6 bxc6 $11) ({Predecessor:} 17... Bc6 18. Nxc6 bxc6 19. Ne4 Nf5 20. Nc5 Qd6 21. Qe4 Qc7 22. f3 {0-1 (53) San Diego,M (2005)-Polterauer,C (1882) Al Ain 2013}) 18. a5 Qc7 19. Ne4 $36 {[%cal Bc3e4,Be4g5,Bg5e6][%mdl 2080] Hoping for Bxe6! White has some pressure.} Nbc6 (19... Bc6 $5) 20. Qg3 Qxa5 21. Bd3 (21. d5 $5 Nxe5 22. Qxe5 $11) 21... Nxe5 22. dxe5 Ng6 23. Ng5 h6 24. Bxg6 $1 fxg6 (24... hxg5 $11 {remains equal.} 25. Be4 Qb4) 25. Nxe6 $16 Rf7 26. Nd4 Qb6 27. Qb3 (27. e6 $14 Rf6 28. Qe3) 27... Qxb3 $11 28. Nxb3 Ba4 29. Rd3 Re8 30. Nc5 Bb5 31. Re3 Rc7 32. f4 (32. Rcc3 $15) 32... b6 33. Nb3 Rxc1+ 34. Nxc1 $17 {[%mdl 4096] Endgame KRB-KRN} Rc8 (34... Rd8 $17 {And now ...Rd1+ would win.} 35. Rc3 Kf7) 35. Nd3 Rc2 36. e6 $1 Rd2 37. e7 (37. Ne5 $11) 37... Kf7 38. Ne5+ $1 Ke8 39. Nxg6 Rxb2 {Threatens to win with ...a5.} 40. f5 $2 {[%mdl 8192]} (40. Re6 $1 $11 {and White has nothing to worry.}) 40... Rb1+ $19 41. Kf2 Rf1+ 42. Kg3 Rxf5 43. Nf4 {intending Ne6.} Bd7 44. Nd3 Rf7 45. Nb4 Rxe7 46. Ra3 Bb5 47. Nxa6 Bxa6 48. Rxa6 {KR-KR} Rb7 $1 49. Kf4 Kd7 50. Ke5 Kc6 51. Kd4 Rd7+ 52. Kc3 Kc5 53. Ra4 b5 54. Rf4 g6 {[%cal Bg7g6,Bg6g5][%mdl 32]} 55. Rg4 (55. Re4 $17) 55... Rd6 (55... g5 $19 56. Re4 h5) 56. Kb3 (56. h4 $17) 56... Re6 (56... g5 $1 $19 {and Black stays clearly on top.} 57. Rg3 Rd4) 57. Kc3 Rc6 58. Rd4 $2 (58. Kb3 $17) 58... Ra6 {aiming for ...Ra3+.} 59. Rg4 g5 $1 60. Kb3 {[#]} (60. Re4 {only move.}) 60... Rf6 (60... Ra4 $142 $1 {[%mdl 512]} 61. Rg3 (61. Rxa4 bxa4+) 61... Rb4+ 62. Kc3 Rh4) 61. Rg3 {[#]} Rf4 $1 {[%cal Rf4b4]} 62. Rd3 Rh4 63. h3 Rd4 64. Rf3 (64. Rc3+ $142 Rc4 65. Re3) 64... Rd2 65. Kc3 Rd5 (65... Rxg2 $19 {has better winning chances. White must now prevent ...b4+.} 66. Rf5+ Kb6 67. Rf6+ Ka5 68. Rxh6 b4+ 69. Kb3 Rg3+ 70. Kc2 Kb5) 66. g4 $2 (66. Re3 $17 {was the only defense.}) 66... Re5 67. Rd3 $2 (67. Kd2 {is a better defense.}) 67... Re4 68. Kb3 Rd4 69. Rf3 Kd5 70. Rf5+ $2 (70. Kc2 Rf4 71. Re3) 70... Ke4 {Black is clearly winning.} 71. Rxb5 Rd3+ 72. Kc2 Rxh3 73. Rf5 Rf3 {Precision: White = 30%, Black = 63%.} 0-1

[Event "NOR-ch Elite 2017"]
[Site "Stavanger"]
[Date "2017.06.30"]
[Round "1"]
[White "Aulin-Jansson, Joran"]
[Black "Mihajlov, Sebastian"]
[Result "1/2-1/2"]
[WhiteElo "2267"]
[BlackElo "2414"]
[Annotator "TA"]
[PlyCount "114"]
[EventDate "2017.??.??"]
[EventType "swiss"]
[EventCountry "NOR"]
[SourceTitle "playchess.com"]
[Source "ChessBase"]
[SourceQuality "1"]

{[%evp 10,114,2,-17,8,19,22,22,22,27,39,10,10,1,34,25,23,21,35,30,39,5,10,2,19,10,29,0,0,-114,-112,-112,-114,-131,-114,-119,-134,-160,-164,-182,-168,-183,-180,-181,-155,-163,-154,-160,-57,-49,-49,-52,0,0,0,0,0,0,0,-141,-141,-150,-131,-160,-160,-168,-156,-168,-168,-168,-168,-160,-164,-157,-156,-160,-164,-254,-150,-137,-127,-146,-128,-168,-121,-134,-104,-106,-98,-137,0,0,0,0,0,0,0,0,0,0,0,0,0,0,0,0,0]} 1. e4 e6 2. f4 d5 3. d3 c5 4. Nf3 Nc6 5. Nc3 Nf6 6. g3 {LiveBook: 3 Games. B23: Closed Sicilian: Lines without g3} g6 7. Bg2 Bg7 8. O-O O-O 9. e5 (9. h3 b6 10. Qe1 Qc7 11. Rf2 Bb7 12. g4 Rad8 13. Nh2 dxe4 14. dxe4 Ne8 15. e5 h6 16. Nf3 {½-½ (60) Jakubiec,A (2505)-Thorhallsson,T (2419) Reykjavik 2017}) 9... Nd7 {[%cal Bf6d7,Bd7c5,Bc5e4,Be4c3][%mdl 32]} 10. d4 cxd4 11. Ne2 $146 ({Predecessor:} 11. Nxd4 Qb6 12. Nce2 Rd8 13. Kh1 Bf8 14. c3 Nc5 15. Rb1 a5 16. Be3 {0-1 (37) Dinh,G-Tran,T Hue 2003}) 11... b6 12. Nexd4 Nxd4 13. Nxd4 Ba6 14. Re1 Nc5 15. b4 Ne4 $1 16. b5 Bb7 {[#]} 17. c4 $1 {[%mdl 512]} Rc8 (17... dxc4 18. Bxe4) 18. Ba3 Rxc4 19. Nc6 (19. Bxe4 $11 dxe4 20. Nc6 Qxd1 21. Raxd1) 19... Bxc6 $17 20. bxc6 Nc3 $1 {[%cal Rc3d1]} 21. Qd3 Rxc6 22. Rac1 Qc7 23. Bd6 Rxd6 24. exd6 Qc5+ 25. Kh1 Rd8 26. g4 Rxd6 27. f5 d4 28. fxe6 Rxe6 (28... fxe6 $17 29. g5 b5) 29. Rxe6 $15 fxe6 30. Rf1 Qe7 (30... Qe5 $15) 31. Qc4 $1 $11 Be5 (31... b5 $5 {[%cal Rb5c4]} 32. Qc8+ Bf8 $11) 32. Re1 Qd6 $1 33. g5 Kg7 34. Qc8 (34. Qa6 $11) 34... Nd5 $17 35. Qb7+ Nc7 36. Rf1 {[#]} Bf4 $1 ({Don't do} 36... Bxh2 37. Qf3 $15) 37. h4 d3 38. Qe4 d2 39. Bf3 e5 40. Kg2 Ne6 41. Qb7+ {[#]} Qc7 $1 42. Qa8 h6 43. Bg4 (43. Qe8 {is a better defense.} Qd6 44. Bg4) 43... Nd8 (43... hxg5 $19 44. Qe8 Nd4 45. hxg5 Qf7 46. Qxf7+ Kxf7) 44. gxh6+ Kxh6 45. Bf3 Kg7 46. Qd5 Qe7 47. Rh1 Nf7 48. h5 gxh5 49. Rxh5 Qd6 {[#]} ({Better is} 49... Qd8 $17 {And now ...Qxd5 would win.} 50. Qxd8 Nxd8) 50. Rh7+ $3 $11 {[%mdl 512] The position is equal.} Kxh7 51. Qxf7+ Kh6 {aiming for ...Qg6+.} (51... Kh8 $5 52. Be4 $8 Qh6 53. Qe8+ Kg7 54. Qe7+ Kh8 55. Qe8+ Kg7 56. Qe7+ Kh8 57. Qd8+ Kg7 58. Qe7+ $11) 52. Be4 $1 d1=Q 53. Qh7+ Kg5 54. Qf5+ Kh4 {[%cal Rd6d2]} 55. Qh3+ Kg5 {[%cal Rd6d2]} 56. Qf5+ Kh6 {( -> ...Q6d2+)} 57. Qh7+ Kg5 {Precision: White = 73%, Black = 57%.} 1/2-1/2

[Event "NOR-ch Elite 2017"]
[Site "Stavanger"]
[Date "2017.07.01"]
[Round "2"]
[White "Hammer, Jon Ludvig"]
[Black "Haug, Johannes"]
[Result "1-0"]
[WhiteElo "2628"]
[BlackElo "2335"]
[Annotator "TA"]
[PlyCount "97"]
[EventDate "2017.??.??"]
[EventType "swiss"]
[EventCountry "NOR"]
[SourceTitle "playchess.com"]
[Source "ChessBase"]
[SourceQuality "1"]

{[%evp 21,97,25,24,18,16,14,26,14,20,19,16,18,17,10,67,19,31,25,37,34,35,0,0,0,0,0,0,0,22,23,30,27,29,9,9,8,44,44,54,53,47,50,50,38,70,40,81,29,62,64,108,104,132,132,268,222,222,222,268,268,268,268,254,265,265,265,266,251,262,261,448,443,568,565,539,541,1517,1297]} 1. e4 c6 2. Nf3 d5 3. Nc3 Bg4 4. h3 Bxf3 5. Qxf3 e6 6. d4 dxe4 7. Qxe4 {B11: Caro-Kann: Two Knights Variation} (7. Nxe4 Qxd4 8. c3 Qd5 9. Bd3 Nd7 10. Qe2 Nc5 11. Bc2 Nxe4 12. Bxe4 Qd7 13. O-O Nf6 14. Bf3 Bd6 15. Rd1 {½-½ (30) Nepomniachtchi,I (2767)-Anand,V (2779) Doha 2016}) 7... Nf6 8. Qd3 Bd6 9. g3 Nbd7 10. Bg2 Qc7 11. O-O O-O {LiveBook: 8 Games} 12. b3 Rad8 13. Bb2 e5 {[#]} 14. d5 $146 ({Predecessor:} 14. Ne2 Rfe8 {½-½ (100) Felgaer,R (2573)-Griffiths,R (2301) Paris 2011}) 14... cxd5 15. Nxd5 Nxd5 16. Qxd5 Nf6 17. Qd2 Bc5 ({Better is} 17... Rfe8 $11) 18. Qe2 Bd4 19. c3 Bc5 20. Rad1 e4 {[%cal Be5e4,Be4e3][%mdl 32]} 21. c4 {aiming for Bxf6.} e3 22. f4 Qe7 {Black wants to play ...Rd2.} 23. Kh2 b6 24. Bf3 a5 25. Rxd8 Rxd8 26. Rd1 h6 27. Rxd8+ Qxd8 28. Kg2 Qe8 29. Qd3 a4 30. Be5 axb3 31. axb3 Qe7 32. h4 {[%cal Bh3h4,Bh4h5][%mdl 32]} Qe6 33. Qd8+ Kh7 34. Be2 (34. g4 $16) 34... Ne4 35. Qd3 f5 36. h5 Qe8 37. Qd5 Bb4 (37... Kh8 $16 38. g4 Bb4) 38. Bd4 Bc5 39. Qxf5+ $40 {[%mdl 128] Black is in trouble.} Kg8 40. Qd5+ Kh8 41. Be5 Nf6 42. Qb7 Qd8 43. Qb8 Qxb8 44. Bxb8 $18 {KBB-KBN} Ne4 45. Bc7 Bd4 $2 (45... Nc3) 46. b4 {[%cal Bb3b4,Bb4b5][%mdl 32] White is clearly winning.} Kg8 {[#]} 47. c5 $1 {[%mdl 512]} bxc5 {[#]} 48. b5 $1 Nc3 49. Bc4+ {Precision: White = 70%, Black = 45%.} 1-0

[Event "NOR-ch Elite 2017"]
[Site "Stavanger"]
[Date "2017.07.01"]
[Round "2"]
[White "Tari, Aryan"]
[Black "Holm, Kristian Stuvik"]
[Result "1/2-1/2"]
[WhiteElo "2593"]
[BlackElo "2403"]
[Annotator "TA"]
[PlyCount "77"]
[EventDate "2017.??.??"]
[EventType "swiss"]
[EventCountry "NOR"]
[SourceTitle "playchess.com"]
[Source "ChessBase"]
[SourceQuality "1"]

{[%evp 12,77,25,14,23,0,12,-2,6,3,3,0,0,8,33,2,6,0,0,32,35,41,41,36,57,71,65,56,64,49,59,60,62,64,86,88,94,71,72,54,77,66,132,55,65,15,17,17,10,10,23,0,0,0,0,0,0,-8,0,0,0,0,0,0,0,0,0,0]} 1. c4 e6 2. Nc3 d5 3. d4 Nf6 4. cxd5 Nxd5 5. e4 Nxc3 6. bxc3 c5 7. Rb1 Be7 {D35: Queen's Gambit Declined: Exchange Variation} 8. Nf3 O-O 9. Be2 (9. Bc4 Nc6 10. O-O b6 11. Bf4 Bb7 12. Re1 cxd4 13. cxd4 Nb4 14. Qd2 Nc6 15. d5 {½-½ (31) Svidler,P (2755)-Radjabov,T (2710) Moscow 2017}) 9... cxd4 $146 ({Predecessor:} 9... Qc7 10. O-O Nc6 11. Be3 b6 12. Qd2 Bb7 13. d5 exd5 14. exd5 Rad8 15. c4 {0-1 (34) Metge,J (2235)-Sarapu,O (2350) Auckland 1992}) 10. cxd4 b6 11. O-O Bb7 12. Qd3 $36 {[%mdl 2048] White is pushing.} Nd7 13. Be3 Rc8 14. a4 Nf6 15. Nd2 Qc7 16. f3 Rfd8 17. Qb3 Qc3 {[#]} 18. a5 $1 {[%mdl 512]} Qxa5 {White must now prevent ...Rc3.} (18... bxa5 19. Qxc3) 19. Ra1 Qc3 {Hoping for ...Qxb3.} 20. Rxa7 Qxb3 $1 21. Nxb3 Rc3 {[#] Threatens to win with ...Rd7.} 22. Bf2 Rxb3 23. Rxb7 Ba3 24. Rd1 h6 25. g4 Bb2 26. Rc7 b5 ({Black should try} 26... Ba3 $14) 27. Rb7 (27. Rb1 $16 Rxd4 28. Kf1) 27... b4 $14 28. h4 Bc3 $1 29. g5 hxg5 30. hxg5 Nh5 31. g6 (31. Bc4 $5 {[%cal Rc4b3]} Rb2 32. g6 fxg6 33. Bxe6+ Kh7 34. d5 $11) 31... fxg6 {The position is equal.} 32. Bc4 Rb2 33. Bxe6+ Kh7 34. Rf7 g5 35. d5 Nf4 36. Bf5+ Kg8 37. Rb7 Be5 38. Kf1 Ne2 39. Be6+ {Precision: White = 51%, Black = 64%.} 1/2-1/2

[Event "NOR-ch Elite 2017"]
[Site "Stavanger"]
[Date "2017.07.01"]
[Round "2"]
[White "Lie, Kjetil A"]
[Black "Aulin-Jansson, Joran"]
[Result "1-0"]
[WhiteElo "2539"]
[BlackElo "2267"]
[Annotator "TA"]
[PlyCount "63"]
[EventDate "2017.??.??"]
[EventType "swiss"]
[EventCountry "NOR"]
[SourceTitle "playchess.com"]
[Source "ChessBase"]
[SourceQuality "1"]

{[%evp 18,62,46,45,92,92,128,123,135,130,139,120,189,195,205,190,166,101,153,122,137,137,457,454,523,520,817,798,958,852,29986,29987,29987,29988,3303,2294,29992,3436,29988,29983,2066,2122,29993,29994,29998,29999,29999]} 1. d4 Nf6 2. Bf4 c5 3. d5 d6 4. Nc3 a6 5. a4 g6 6. e4 Bg7 7. h3 Qa5 8. Bd2 O-O 9. Nf3 Qc7 10. Bc4 {LiveBook: 3 Games. B08: Pirc Defence: Classical System} e5 $146 ({Predecessor:} 10... Nbd7 11. O-O b6 12. Re1 Ne5 13. Nxe5 dxe5 14. Bg5 h6 15. Bh4 g5 16. Bg3 Ne8 17. Be2 Nd6 {1-0 (41) Florescu,C (2416)-Ciornei,D (2216) Techirghiol 2003}) 11. g4 h5 12. Nh2 {[%cal Bf3h2,Bh2g4,Bg4h6][%mdl 32] White is better.} Nbd7 13. Be2 hxg4 14. hxg4 {[%cal Bh3g4,Bg4g5][%mdl 32]} c4 (14... Qd8 $16 15. Nf1 Qe7) 15. g5 $18 Nh7 16. Ng4 Rb8 17. Ra3 (17. a5 $18) 17... b5 ({Black should try} 17... Qd8) 18. axb5 axb5 {And now ...Nc5 would win.} 19. Na2 {Black must now prevent Rah3.} f5 $2 {[%mdl 8192]} (19... Nc5 $16) 20. Nh6+ Kh8 21. exf5 {[%cal Be4f5,Bf5g6][%mdl 32]} Bxh6 (21... gxf5 $142 22. g6 Ndf6 23. gxh7 Ne4) 22. fxg6 (22. gxh6 gxf5 23. Rg1 Nhf6 $16) 22... Bg7 23. Bg4 ({Less strong is} 23. gxh7 c3 $18) 23... Rf4 24. Rxh7+ Kg8 25. Be6+ Kf8 26. Bxf4 {Threatening mate with Qf3.} exf4 27. Qg4 (27. Rxg7 $142 Qd8 {[#]} 28. Qh5 $1 {[%mdl 512]} Qa5+ 29. Rxa5 Ke8 30. Bxd7+ Kd8 31. Bxc8 Kxc8 32. Qh8#) 27... Ne5 28. Qxf4+ Ke8 {[#]} 29. Bf7+ $1 Kf8 (29... Nxf7 30. Rxg7) 30. Rxg7 {White mates.} Kxg7 31. Qf6+ Kf8 32. g7# {Precision: White = 74%, Black = 19%.} 1-0

[Event "NOR-ch Elite 2017"]
[Site "Stavanger"]
[Date "2017.07.01"]
[Round "2"]
[White "Lie, Espen"]
[Black "Kaasen, Tor Fredrik"]
[Result "1/2-1/2"]
[WhiteElo "2462"]
[BlackElo "2402"]
[Annotator "TA"]
[PlyCount "67"]
[EventDate "2017.??.??"]
[EventType "swiss"]
[EventCountry "NOR"]
[SourceTitle "playchess.com"]
[Source "ChessBase"]
[SourceQuality "1"]

{[%evp 21,67,16,19,10,12,12,8,6,24,8,31,26,29,32,79,79,55,27,64,66,71,0,6,6,7,0,0,6,4,-8,-9,-8,-8,-8,-8,-8,-8,-14,0,0,0,0,0,0,0,0,0,0]} 1. Nf3 Nf6 2. g3 b6 3. Bg2 Bb7 4. c4 e6 5. O-O Be7 6. b3 O-O 7. Bb2 d5 8. cxd5 exd5 9. d4 Re8 10. Nc3 Nbd7 11. Rc1 a6 {LiveBook: 18 Games} 12. Rc2 {E17: Queen's Indian: 4 g3 Bb7 5 Bg2 Be7} (12. e3 Bd6 13. Rc2 Qe7 14. Qc1 h6 15. Ne2 Ne4 16. Nf4 a5 17. Rd1 a4 18. b4 Bxb4 19. Rxc7 Rec8 {½-½ (61) Yuffa,D (2485)-Alekseenko,K (2539) Porto Carras 2015}) 12... Bd6 13. Qc1 Qe7 14. Rd1 $146 ({Predecessor:} 14. Nd1 Rac8 15. Ne3 g6 16. Bh3 Ne4 17. Ne5 f5 18. f3 Nef6 19. Bxf5 c5 20. Nxd7 Nxd7 21. Bxd7 Qxd7 {½-½ (58) Gourlay,I (2385)-Dorrington,C (2334) Reading 2017}) 14... b5 15. e3 Rac8 16. Ne2 Ne4 17. Nf4 Ndf6 18. Nd3 Nd7 19. Nd2 (19. Nfe5 {with more complications.} Nb8 20. f3 Ng5 21. Nc5 Bxc5 22. dxc5 Nc6 23. Nxc6 Bxc6 24. h4) 19... c5 20. Nxe4 dxe4 {[#]} 21. Nxc5 (21. dxc5 $1 $16 Nxc5 22. Nxc5 Rxc5 23. Rxc5 Bxc5 24. Bh3) 21... Bxc5 $11 {The position is equal.} 22. dxc5 Nxc5 23. Ba3 Nxb3 $1 24. axb3 Rxc2 25. Bxe7 Rxc1 26. Rxc1 {[#] And now Rc7 would win.} Rxe7 27. Bxe4 $1 Rxe4 {[%mdl 4096] Endgame KRB-KR} 28. Rc7 Rb4 29. Rxb7 {[%cal Rb7b8]} g6 (29... g5 {is interesting.} 30. Ra7 g4 31. Rxa6 Rxb3 32. h3 gxh3 33. Kh2 Rb2) 30. Ra7 Rxb3 31. Rxa6 Kg7 32. Rb6 Rb1+ 33. Kg2 Rb2 34. h4 {Precision: White = 70%, Black = 57%.} 1/2-1/2

[Event "NOR-ch Elite 2017"]
[Site "Stavanger"]
[Date "2017.07.01"]
[Round "2"]
[White "Hauge, Lars Oskar"]
[Black "Agdestein, Simen"]
[Result "1/2-1/2"]
[WhiteElo "2448"]
[BlackElo "2604"]
[Annotator "TA"]
[PlyCount "45"]
[EventDate "2017.??.??"]
[EventType "swiss"]
[EventCountry "NOR"]
[SourceTitle "playchess.com"]
[Source "ChessBase"]
[SourceQuality "1"]

{[%evp 9,45,-29,-28,-33,-22,-29,-38,-30,-33,-52,-48,-37,0,0,0,0,13,10,14,27,25,31,32,-18,0,-8,-11,-28,10,0,0,0,0,0,0,0,0,0]} 1. e4 {[%cal Be2e4,Be4e5][%mdl 32]} Nf6 2. e5 Nd5 3. c4 Nb6 4. a4 a5 5. Ra3 (5. c5 Nd5 6. Nc3 Nb4 7. Bc4 d5 8. cxd6 exd6 9. Qb3 Qe7 10. Nf3 Bg4 11. O-O Bxf3 12. exd6 cxd6 13. gxf3 {1-0 (64) Lu,S (2514)-Bu,X (2668) Xinghua 2012}) 5... d6 6. exd6 {B02: Alekhine's Defence: Chase Variation and lines with early Nc3} exd6 7. Rg3 Bf5 $146 ({Predecessor:} 7... Be6 8. b3 Nc6 9. Bb2 Rg8 10. d4 d5 11. c5 Nd7 12. Nc3 g6 13. Bc1 Bg7 14. Nb5 Ne7 15. Bd3 Nc8 16. Bf4 Kf8 17. Bxc7 {1-0 (17) Bondarchuk,V (1996)-Goes,D (1950) Maastricht 2013}) 8. Nc3 {Black is slightly better.} Nc6 9. d4 Nb4 {aiming for ...Nc2+.} 10. Be2 $1 d5 11. c5 Nd7 12. Bg4 Qe7+ 13. Nge2 Bxg4 (13... Bc2 {looks sharper.} 14. Qd2 Nf6 15. Bh3 g6 16. O-O Rd8) 14. Rxg4 Nf6 15. Rg3 {[#] Strongly threatening Re3.} (15. Rg5 $5 {[%cal Rg5e5]} Qd7 16. Ng3 $14) 15... Qd7 16. Bf4 Be7 (16... Nh5 $5 {[%cal Rh5g3]}) 17. Be5 O-O 18. Qd2 {Hoping for Qg5.} Kh8 19. Rxg7 {The position is equal.} Kxg7 20. Qg5+ Kh8 21. Bxf6+ Bxf6 22. Qxf6+ Kg8 23. Qg5+ {Precision: White = 65%, Black = 59%.} 1/2-1/2